Criminels Par Images - Statistiques

Statistiques générales
  • Ce quiz a été pris 514 fois
  • Le résultat moyen est 6 sur 12
Statistiques - réponses
Par images Réponse % Correct
Jeffrey Dahmer
87%
Xavier Dupont de Ligonnès
87%
Pablo Escobar
79%
Oussama Ben Laden
78%
Al Capone
59%
Jeffrey Epstein
46%
Michel Fourniret
46%
Jonathann Daval
44%
Guy Georges
29%
El Chapo
21%
Edmund Kemper
14%
H. H. Holmes
8%
Aucun quiz correspondant
Distribution des résultats
% des personnes avec chaque résultat
Percentile par nombre de réponses
Votre historique - résultats
Vous n’avez pas pris ce quiz